000
00239nam a22000977a 4500
999
_c
11351
_d
11351
008
190313b ||||| |||| 00| 0 eng d
020
_a
9780713676938
100
_a
Youth Sport Trust
_9
7091
245
_a
Athletics
260
_a
London
_b
A&CB
_c
2006